000 00261nam a2200097Ia 4500
001 710329
005 20250826162746.0
008 250824s9999 xx 000 0 und d
245 0 _aKORKULU VE TEHLİKELİ SERÜVEN
_cERDAL ÇAKICIOĞLU
260 _bAKVARYUM YAYINLARI
999 _c710329
_d710329